Trouve les 200 artistes français - Statistiques

Statistiques générales
  • Ce quiz a été pris 58 fois
  • Le résultat moyen est 61 sur 200
Statistiques - réponses
Hint Réponse % Correct
Fume à fond / Coco Lorenzo
88%
Bande organisée / L'ovni Jul
83%
Carré VIP / 6.3 Naps
83%
Sur ma route / Madame Pavoshko Black M
81%
Zoo / Tchoin Kaaris
79%
VVS / Jefe Ninho
75%
La terre est ronde / Défaites de famille Orelsan
71%
92i veyron / Paris c'est loin Booba
69%
Joli bébé / Allez les gros Naza
69%
Désolé / Ma direction Sexion d'assaut
69%
Macarena / Dieu ne ment jamais Damso
67%
Aristocrate / L'enfoiré Heuss l'enfoiré
67%
Air max / Papel Rim'K
67%
Flashback / Urus Favé
65%
Las Vegas / Abdomen Jok'air
65%
Fusil / A7 SCH
65%
Reine / Compliqué Dadju
63%
Freeze Raël / Shavkat Freeze corleone
63%
17% / Rihanna Leto
63%
Dybala / Cordillère Maes
63%
Cosmo / Le coach Soprano
63%
Reine / Tout oublier Angèle
60%
Habitués / Infréquentables Dosseh
60%
Arrêt du coeur / Dans la zone Kalash criminel
60%
Hasta la vista / Bené PNL
60%
Cartier santos / Noir fluo SDM
60%
Djomb / Slide Bosh
58%
XS / Ailleurs Josman
58%
Petrouchka / TP Soso maness
58%
Papers / Côté Hublot Zola
58%
Noir Fluo / Helsinki Dinos
56%
La même / Parisienne GIMS
56%
Trop beau / Ne me ramène pas Lomepal
56%
Méchant / WLG Niska
56%
Jolie GO / PMW Shay
56%
Laboratoire / Pétunias Werenoi
56%
Encore / Coffre plein Koba la D
54%
Egérie / Premier pas Nekfeu
54%
Nouvelles / Faut pas PLK
54%
Echelon 2 / Désacordée Vald
54%
J'fais mes affaires / Dans le réseau Djadja & Dinaz
52%
Du ferme / Seleçao La fouine
52%
Monaco / Dis-moi Guy2bezbar
50%
Va bene / Au soleil L'algerino
50%
Chop - Nouvelle Ecole / Allez dehors Fresh
48%
10' / Gogo Laylow
48%
Petit coeur / Fuck le 17 13 Block
46%
Codéine 19 / Lalla Hamza
46%
Tu le sais / Doliprane Kalash
46%
Canon / Sexy woman La Mano
46%
Enfant compliqué / Sacoche Larry
46%
Attentat / TDB Oboy
46%
Jpicole / Chapeau de paille Sasso
46%
Casanova / Carré OK Soolking
46%
CANADA / LOPSA STORY 1pliké140
44%
Petit génie / TOUT VA BIEN Alonzo
44%
Dommage / Coup de vieux Bigflo & Oli
44%
Benzema / 442 Brulux
44%
Rencontre / Qu'ils ont de la chance Disiz
44%
Casanova / Probation Gazo
44%
Je pense à toi / Gramme 2 peuf Hornet la Frappe
44%
HRTBRK#2 / Elle veut Kaza
44%
Zou bisous / Un meilleur nous Theodora
44%
La vraie vie / Michael Jordan Da uzi
42%
Petit frère / Nés sous la même étoile IAM
42%
Tout oublier / Soleil Roméo Elvis
42%
Fast life & famille / La clé Tiakola
42%
Vréalité / Vibe & Sun Kekra
40%
Grand Paris / Quatrième mur Médine
40%
Babylone / Cheddar Nepal
40%
Gravés dans la roche / Brûle Sniper
40%
O'KCLH / Vendeur de rêves 4keus
38%
Inachevés / A l'heure où je me couche Casseurs Flowters
38%
Eternel / La meilleure Hatik
38%
Saison 2 / Calme-toi Kerchak
38%
Finale - Nouvelle Ecole / Etats d'âme Dau
35%
No lo sé / Senor de los Gallos Lacrim
35%
Sors de ma tête / Printemps blanc Niro
35%
Motel / Lolita Ashh
33%
PONA NINI / EL GEMANO Genezio
33%
Chaque jour de la semaine / Barcelona Green montana
33%
Fenêtre sur rue / Périmètre Hugo TSR
33%
Banlieusard / Je m'écris Kerry james
33%
Hadès / Casino royal 007 Luv Resval
33%
Lola / 300 RK
33%
Ronaldo / Double Dash Ziak
33%
aaa / Stupéfiant et noir Alpha Wann
31%
Pierre, feuille, papier, ciseaux / C'est pas grave Columbine
31%
Juste pour voir / Chico Spri noir
31%
Bécane / Call of Valhalla Yamê
31%
Sensation / Totally spies Houdi
29%
Tout pour l'équipe / Mode Avion L2B
29%
T'en dis quoi / No hook La Fève
29%
T'y arrivais pas / Janet Lefa
29%
N'y pense plus / Forévà Tayc
29%
Filtré / Tout gâcher Timal
29%
Joli / Franklin Saint Zed
29%
Nautilus / Célébration 2 Alkpote
27%
Pas bête / EDL 75 Beendo Z
27%
Suga Suga / Mauvais dans le fond Doums
27%
Concept flou / Héra Georgio
27%
Eternité / .RAW spleen Jazzy bazz
27%
Alexis / Système Luidji
27%
Temps électrique / Poupée russe Lujipeka
27%
Rodé / Plus ou moins So la lune
27%
Chien d'la casse / Pétou Diddi Trix
25%
Moto / Un jour peut-être Mac Tyer
25%
Quand j'y repense / Pas ralentir Mig
25%
Jamais / Gas Mister V
25%
Distanciel / Flou J9ueve
23%
Ron van clief / Lampadaire pt. 2 Osirus Jack
23%
Le coeur des filles / Blues A2h
21%
Anthracite / Scellé part.2 Ashe 22
21%
Catalina / Dernière danse Cheu-B
21%
Plaisir nocif / Business man Liim's
21%
Qui est l'exemple ? / Mon bled Rohff
21%
Ma benz / Sur le drapeau Suprême NTM
21%
50 G / Panama Uzi
21%
Bad Boys de Marseille / Je suis Marseille Akhenaton
19%
Les parisiennes / Mauvais dans le fond S-crew
19%
Amnesia / Obvious Tif
19%
Youm wara youm / Maîtriser mes pensées Zamdane
19%
Quel type de vibe? / Texto Aupinard
17%
Magenta / Un matelas sur le sol Bekar
17%
GANGTAKA / 1,2,3 soleil Jolagreen23
17%
Méchant 4 / Ghini Ghini Kodes
17%
1H55 / Banger Rsko
17%
Venus / Casino Ateyaba
15%
BITCHES & RYADS / MIRAGE BB Jacques
15%
Obito / 6 O'clock Bu$hi
15%
Montfermeil / Goût du beurre Caballero
15%
Clope sous la lune / Dans mon élément Isha
15%
Bolide noir / Booyakasha JRK 19
15%
D&G / PLM DEATHROW Khali
15%
Cris des mômes / Rotation Lesram
15%
Le plan A / Le plan B Limsa d'Aulnay
15%
Garçon / Uet Luther
15%
Pornstar martini / Las vegas MadeInParis
15%
Protect / Citadelle Merveille
15%
Shatta confessions / Jet ski Meryl
15%
Ma go / Move la dope Moji x Sboy
15%
Killcam / Samedi soir à Paris Nes
15%
Love death robot / Fantom Rounhaa
15%
Marche / La bise Sadek
15%
Une danse / Comme toi Still fresh
15%
Schémas monotones / 20.000 Edge
13%
H / AMG H la drogue
13%
X-men / Mes jambes JeanJass
13%
Civilisé / Pas l'temps pour les regrets Lunatic
13%
RIP dolph / Bora bora Zequin
13%
BVB / Doppelgänger Zeu
13%
Massa / Love de toi Dinor
10%
Maybach fantôme / Volant Kpri
10%
Erotiquement vôtre / C'est un mood Krisy
10%
Arah 3 / Benibla freestyle Lyonzon
10%
Merci bonne journée / Le vent Mairo
10%
Ma drug / Fanm sé dyab Menace Santana
10%
Lele / Le film de ma vie Roshi
10%
Pardon / Xenon Wallace cleaver
10%
Sativa / Bara Yvnnis
10%
AJSCENSION / PARAFFINE Ajna
8%
B.A.B / Paillettes Gapman
8%
Soul / Pas râ Jeune Lion
8%
Tequila / Too much Keeqaid
8%
Cette année là / Le fameux Kofs
8%
Scopolamine / Rainy day Femtogo
6%
BISTURI / La Rue Fresh la douille
6%
Kaboul Kitchen / 10 balles H jeune crack
6%
PIB / Lewis Hamilton La Rvfleuse
6%
Guépard / Souvenir Nemir
6%
A las seis / On fait les choses Niaks
6%
Bal de Bamako / Doucement Oxmo Puccino
6%
BBF / Eleanor Prince Waly
6%
NO BAP / SHINE Sherifflazone
6%
Kamikaze / Commerce Stavo
6%
Golden State / Joueur 1 Tuerie
6%
Incpetion / Sanni McCandless vers 19h19 Zuukou Mayzie
6%
7734 / L'amour et la haine 34 murphy
4%
Blueface / Roule un shit 8ruki
4%
Hit / Trapalot Dafliky
4%
Dent / Bootyfull Jeune Morty
4%
Sexyy red / Show me love Lala &ce
4%
Soeur location / Kayfabe Ptite soeur
4%
38 spécial / Joh Wick 3 N.R.A Roi heenok
4%
Exercice de finesse / London en Maybach Rowjay
4%
Tout s'en va sauf les souvenirs / Hood Savage Toddy
4%
Leon / Le jour se lève Selug
4%
Trotski / Off Winnterzuko
4%
+74 / SML AAMO
2%
Boxe avec le mot / Regarde le monde Arsenik
2%
TRISTESSE DE MÔME / LE TEMPS NOUS A TOUT PRIS Artel
2%
Himalaya / Déter Doria
2%
Skateboard / Pousiière Jewel Usain
2%
Dîner / Zenith Mademoiselle Lou
2%
Hasta la vista / La belle et le bad boy Mc Solaar
2%
Poésie du coeur / Le mort joyeux Morphée
2%
Pona Nini / La calle me chante Prototype
2%
Cosmos / A la mode Saturn Citizen
2%
Grand prix / Confessions Sonny rave
2%
Focus / Big Buckets Di-meh
0%
Aucun quiz correspondant
Distribution des résultats
% des personnes avec chaque résultat
Percentile par nombre de réponses
Votre historique - résultats
Vous n’avez pas pris ce quiz